Leonel : (Registro nro. 12844)

Detalles MARC
000 -LIDER
fixed length control field 01402nam a2200325 a 4500
001 - NÚMERO DE CONTROL
Identificador de número de control 000004165
003 - IDENTIFICACDOR DE NÚMERO DE CONTROL
control field DO-SdBNP
005 - DATE AND TIME OF LATEST TRANSACTION
control field 20230704135340.0
007 - CAMPOS FIJOS DE DESCRIPCIÓN FÍSICA
fixed length control field ta
008 - ELEMENTOS DE LONGITUD FIJA
fixed length control field 090717e2008 dr ao gr 001 edspa d
020 ## - ISBN
International Standard Book Number 9789945421187
040 ## - FUENTE DE CATALOGACIÓN
Agencia que crea de manera original el registro DO-SdBNP
Idioma de catalogación spa
Agencia que realiza la transcripción BPMSU
082 #4 - NÚMERO DE CLASIFICACIÓN DECIMAL DE DEWEY
Classification number 324.22
Item number C352L 2008
Edition number 22
100 1# - ASIENTO PRINCIPAL -- NOMBRE PERSONAL
Nombre personal Castillo, Henry,
Fechas asociadas con el nombre 1963-
245 10 - MENCIÓN DE TITULO
Título Leonel :
Subtítulo el líder propulsor de la modernización y el progreso /
Mención de responsabilidad Henry Castillo
260 ## - PUBLICACIÓN, DISTRIBUCIÓN, ETC. (PIE DE IMPRENTA)
Lugar de publicación, distribución, etc Santo Domingo :
Nombre del editor, distribuidor, etc. Editorial Cagrul,
Fecha de publicación, distribución, etc 2008
300 ## - DESCRIPCIÓN FÍSICA
Extensión 84 p. :
Otros detalles físicos il., retrs. ;
Dimensiones 21 cm.
490 0# - MENCIÓN DE SERIES
Mención de serie Política y sociedad
500 ## - NOTA GENERAL
Nota general Incluye datos biográficos del autor en la solapa de la contracubierta.
505 ## - NOTA DE CONTENIDO
Texto normalizado de contenido Primera Parte.
Título Impulso de un Proyecto de Nación.--
-- Carisma singular.--
-- Aglutinación de fuerzas.--
-- Aires de cambios.--
-- Esbozos de resultados.--
-- Serenidad y firmeza.--
-- Propuesta de pacto social.--
-- Ruptura y continuidad.--
-- Discurso innovador.--
-- competitividad e integración.--
505 ## - NOTA DE CONTENIDO
Texto normalizado de contenido Segunda parte.
Título Entrevista especial.
590 ## - NOTA LOCAL
Texto de la nota local Inventariado 2023/VM
600 #0 - ENCABEZAMIENTO DE MATERIA--NOMBRE PERSONAL
Nombre personal Fernández, Leonel,
Fechas asociadas con el nombre 1953-
651 #4 - ENCABEZAMIENTO DE MATERIA--NOMBRE GEOGRÁFICO
Nombre geográfico República Dominicana
Subdivisión temática general Política y gobierno
Subdivisión cronológica 1996-
651 #4 - ENCABEZAMIENTO DE MATERIA--NOMBRE GEOGRÁFICO
Nombre geográfico República Dominicana
Subdivisión temática general Política económica
651 #4 - ENCABEZAMIENTO DE MATERIA--NOMBRE GEOGRÁFICO
Nombre geográfico República Dominicana
Subdivisión temática general Administración pública.
700 1# - ASIENTO SECUNDARIO -- NOMBRE PERSONAL
Nombre personal Arias, Ingrid
910 ## - VALIDACIÓN
Validación VMateo V. Control de calidad (BPMSU)
942 ## - ADDED ENTRY ELEMENTS (KOHA)
Source of classification or shelving scheme Dewey Decimal Classification
Koha item type Libros
Existencias
Withdrawn status Lost status Source of classification or shelving scheme Damaged status Not for loan Collection code Home library Current library Date acquired Source of acquisition Full call number Barcode Date last seen Price effective from Koha item type
    Dewey Decimal Classification     Colección Dominicana Biblioteca Pública Metropolitana Salomé Ureña Biblioteca Pública Metropolitana Salomé Ureña 11/10/2017 BPMSU CD 324.22 C352L 2008 BPMSU17110148 11/10/2017 11/10/2017 Libros